• 首页
  • 本馆介绍
  • 公告通知
  • 最新文献
  • 馆藏检索
  • 电子资源
  • 读者导购
  • 参考咨询
  • 我的图书馆
  • 登录
  • 详细信息显示
  • 放入我的书架
  • 预约/预借图书
  • 作者相关作品
  • 分类相关作品
  • 丛书相关作品
  • 出版社相关作品

书目信息

  • 表格格式
  • 工作单格式
  • 卡片格式
题名:
维修电工应知应会
    
 
作者: ;江苏省机械工程学会 编
分册:  
出版信息: 南京   江苏科学技术出版社  1982
页数: 287页
开本: 19cm
丛书名:
单 册:
中图分类: TM07
科图分类:
主题词: 电工--维修--技术教育--教材
电子资源:
ISBN:
000 00707nam0 2200241 45
001 0182011074
005 20060722103156.85
010    @dCNY0.73
091    @a15196.069
100    @a19950408d1982 em y0chiy0121 ea
101 0  @achi
102    @aCN@b320000
105    @ay z 000yy
200 10 @a维修电工应知应会@Awei xiu dian gong ying zhi ying hui@f江苏省机械工程学会编
210    @a南京@c江苏科学技术出版社@d1982
215    @a287页@d19cm
300    @a工人技术考核读本
606    @a电工@x维修@x技术教育@x教材
690    @aTM07@v3
711 02 @a江苏省机械工程学会@Ajiang su sheng ji xie gong cheng xue hui@4编
801  0 @aCN@bTSSF@c20060722
801  2 @aCN@bNLC@c20060719
905    @a10447@dTM07@e8
    
    维修电工应知应会/江苏省机械工程学会编.-南京:江苏科学技术出版社,1982
    287页;19cm
    工人技术考核读本
    
    ISBN :CNY0.73
    
●
相关链接 在E读中查询图书 在五车中查询图书 在当当中查询图书 在豆瓣中查询图书


正题名:维修电工应知应会     索取号:TM07/8         预约/预借

序号 登录号 条形码 馆藏地/架位号 状态 备注
1 0437380   204373800   密集书库/ [索取号:TM07/8] 在馆    
2 0438193   204381935   密集书库/ [索取号:TM07/8] 在馆    
唐山师范学院图书馆 欢迎您!
大连网信软件有限公司© 版权所有